| 000 | 00690nam a2200253Ia 4500 | ||
|---|---|---|---|
| 003 | OSt | ||
| 005 | 20220918230927.0 | ||
| 006 | a|||||r|||| 00| 0 | ||
| 007 | ta | ||
| 008 | 220917b |||||||| |||| 00| 0 eng d | ||
| 024 | _a261,599 | ||
| 037 | _cTextual | ||
| 040 |
_aARTS _cARTS _beng |
||
| 041 |
_2eng _aeng |
||
| 082 | _aY1330Wz7, L5 | ||
| 100 |
_aYoung Ken Ed. _9153512 |
||
| 245 | 0 | _aEssays on the study of urban politics | |
| 260 |
_aLondon _bMacmillan _c1975 |
||
| 300 |
_axvi,203p. _ccm. |
||
| 650 | _aSOCIOLOGY | ||
| 700 | _a Banfield Edward C | ||
| 942 |
_hY1330Wz7, L5 _cTEXL _2CC |
||
| 999 |
_c289290 _d289290 |
||